000 01185nac a22002531u 4500
010 _a 00013121
020 _a0787955264 (pbk. : alk. paper)
082 0 0 _a658.3124
_bROS
090 _c6968
_d6968
100 _aRossett, Allison.
245 1 0 _aBeyond the podium :
_bdelivering training and performance to a digital world /
_cAllison Rossett, Kendra Sheldon ; foreword by Marguerite J. Foxon.
260 _aSan Francisco :
_bJossey-Bass/Pfeiffer ;
_aAlexandria , VA :
_bASTD,c2001.
_cc2001.
300 _axx, 312 p. :
_bill. ;
_c24 cm.
500 _aDistributer: Al-Ahram.
504 _aIncludes bibliographical references and index.
511 _aCatalogued By: Mahitab.
650 0 _aEmployees
_xTraining of.
650 0 _aEmployees
_xTraining of
_xComputer-assisted instruction.
700 1 _aSheldon, Kendra,
_d1961-
856 4 2 _3Contributor biographical information
_uhttp://www.loc.gov/catdir/bios/wiley042/00013121.html
856 4 2 _3Publisher description
_uhttp://www.loc.gov/catdir/description/wiley035/00013121.html
856 4 2 _3Table of Contents
_uhttp://www.loc.gov/catdir/toc/onix06/00013121.html
942 _cBB
_k658.3124ROS
999 _c6968
_d6968